Olympique de Marseille | Effectif Ligue 1 - 2024/2025 - Statistiques

Statistiques générales
  • Ce quiz a été pris 827 fois
  • Le résultat moyen est 24 sur 32
Statistiques - réponses
Poste Joueurs Nationalité Numéro % Correct
Gardien de but Gerónimo Rulli 1
98%
Défenseur Leonardo Balerdi 5
96%
Défenseur Chancel Mbemba 99
93%
Attaquant Mason Greenwood 10
92%
Attaquant Amine Gouiri 9
91%
Défenseur Amir Murillo 62
91%
Attaquant Luis Henrique 44
90%
Milieu de terrain Amine Harit 11
89%
Milieu de terrain Ismaël Bennacer 22
89%
Milieu de terrain Adrien Rabiot 25
88%
Coach Roberto De Zerbi
88%
Milieu de terrain Valentin Rongier 21
87%
Milieu de terrain Geoffrey Kondogbia 19
86%
Défenseur Derek Cornelius 13
84%
Gardien de but Jeffrey de Lange 12
84%
Défenseur Pol Lirola 29
83%
Attaquant Jonathan Rowe 17
82%
Milieu de terrain Bilal Nadir 26
80%
Attaquant Neal Maupay 8
80%
Défenseur Quentin Merlin 3
80%
Défenseur Amar Dedic 77
79%
Défenseur Ulisses Garcia 6
79%
Attaquant Faris Moumbagna 14
71%
Défenseur Luiz Felipe 4
71%
Milieu de terrain Pierre-Emile Højbjerg 23
71%
Gardien de but Rubén Blanco 36
67%
Milieu de terrain Valentín Carboni 7
61%
Milieu de terrain Darryl Bakola 50
50%
Milieu de terrain Gaël Lafont 47
40%
Gardien de but Jelle Van Neck 40
33%
Attaquant Keyliane Abdallah 48
30%
Milieu de terrain Yanis Sellami 45
13%
Aucun quiz correspondant
Distribution des résultats
% des personnes avec chaque résultat
Percentile par nombre de réponses
Votre historique - résultats
Vous n’avez pas pris ce quiz